[Event "Champ FRA - Under 8"]
[Site "Europe Echecs"]
[Date "2020.07.06"]
[Round "6"]
[Time "16:12:34"]
[PlyCount "127"]
[White "DeladerriereHe"]
[Black "ChenZhiyueDash"]
[WhiteElo "1141"]
[BlackElo "1119"]
[Mode "WEB"]
[Result "0-1"]

1. e4 e5 2. Nf3 Nc6 3. Bc4 Bc5 4. c3 Nf6 5. d4 exd4 6. cxd4 Bb4+ 7. Nc3 Nxe4 8.
O-O Bxc3 9. d5 Bf6 10. Re1 Ne7 11. Rxe4 O-O 12. Bg5 Bxg5 13. Nxg5 d6 14. Qh5 Bf5
15. Rf4 h6 16. Nf3 Bg6 17. Qh4 Nf5 18. Qxd8 Raxd8 19. Bd3 Ne7 20. Bxg6 Nxg6 21.
Rd4 Ne5 22. Nxe5 dxe5 23. Rd2 Rd6 24. Re1 f6 25. Rc2 Rc8 26. Rec1 Rxd5 27. f3 c6
28. b4 b5 29. Rxc6 Rxc6 30. Rxc6 Rd1+ 31. Kf2 Rd2+ 32. Kg3 Rxa2 33. Rc5 a6 34.
Rc6 Ra4 35. Kf2 Rxb4 36. Rxa6 Rb1 37. Rb6 b4 38. g4 b3 39. Ke3 b2 40. Kd2 Rh1
41. Kc2 Rxh2+ 42. Kb1 Rf2 43. Rb3 Kf7 44. Rb7+ Kg6 45. Rb3 Kg5 46. Rb7 g6 47.
Rb3 h5 48. gxh5 gxh5 49. Rb8 Kf4 50. Rf8 Kf5 51. Rh8 Rxf3 52. Rxh5+ Kg4 53. Rh8
Rb3 54. Rg8+ Kf4 55. Rf8 f5 56. Ra8 e4 57. Ra4 Kf3 58. Ra5 f4 59. Ra8 e3 60. Rh8
Ke2 61. Rh2+ Kd3 62. Rd2+ exd2 63. Ka2 b1=Q# {DeladerriereHe est échec et mat} 0-1

[Event "Champ FRA - Under 8"]
[Site "Europe Echecs"]
[Date "2020.07.06"]
[Round "6"]
[Time "16:12:34"]
[PlyCount "48"]
[White "LandolsiIyad"]
[Black "EboueZacharie"]
[WhiteElo "1158"]
[BlackElo "1500"]
[Mode "WEB"]
[Result "1-0"]

1. e4 e5 2. Nf3 Nc6 3. Bb5 a6 4. Bxc6 dxc6 5. O-O Bd6 6. d3 Nf6 7. Bg5 Be6 8. d4
h6 9. Bh4 O-O 10. dxe5 Bxe5 11. Nxe5 Qd6 12. Qxd6 cxd6 13. Bxf6 gxf6 14. Nf3 Kh7
15. Nc3 Rg8 16. Kh1 Rg7 17. Nd4 Bd7 18. Nf5 Bxf5 19. exf5 Rag8 20. g3 Rg5 21.
Rad1 Rxf5 22. Rxd6 Rgg5 23. f4 Rh5 24. g4 {EboueZacharie a abandonné} 1-0

[Event "Champ FRA - Under 8"]
[Site "Europe Echecs"]
[Date "2020.07.06"]
[Round "6"]
[Time "16:12:34"]
[PlyCount "50"]
[White "TranAmarAndy"]
[Black "SteinmetzBapti"]
[WhiteElo "1154"]
[BlackElo "1290"]
[Mode "WEB"]
[Result "1-0"]

1. d4 f5 2. Bf4 Nf6 3. e3 g6 4. Nc3 Bg7 5. Nf3 O-O 6. Bc4+ Kh8 7. O-O d6 8. Ng5
d5 9. Bb3 h6 10. Nf3 c6 11. Ne5 Kh7 12. Qf3 Be6 13. Qg3 Qe8 14. Qf3 Kg8 15. Qh3
Kh7 16. Na4 Ne4 17. Nc3 Nd7 18. Nf3 Rc8 19. Nxe4 fxe4 20. Ng5+ Kg8 21. Nxe6 Rf6
22. Nxg7 Kxg7 23. Qxh6+ Kf7 24. Qh7+ Kf8 25. Bh6# {SteinmetzBapti est échec et mat} 1-0

[Event "Champ FRA - Under 8"]
[Site "Europe Echecs"]
[Date "2020.07.06"]
[Round "6"]
[Time "16:12:34"]
[PlyCount "86"]
[White "LequangEnzo"]
[Black "ToNamLong"]
[WhiteElo "1068"]
[BlackElo "1260"]
[Mode "WEB"]
[Result "1-0"]

1. e4 d6 2. d4 Nf6 3. Nc3 Nbd7 4. Nf3 e5 5. dxe5 dxe5 6. Bg5 c6 7. Bc4 Qc7 8.
O-O Be7 9. Re1 h6 10. Bh4 g5 11. Bg3 b5 12. Bb3 b4 13. Nb1 Qa5 14. Nbd2 Ba6 15.
Nc4 Bxc4 16. Bxc4 Nc5 17. Nxe5 Rd8 18. Qe2 Rf8 19. Bxf7+ Rxf7 20. Nxf7 Kxf7 21.
Qc4+ Kg6 22. e5 Nh5 23. e6 Nxg3 24. hxg3 Qa6 25. Qxa6 Nxa6 26. Rad1 Bf6 27. Rxd8
Bxd8 28. e7 Bxe7 29. Rxe7 Nc5 30. Rxa7 Ne4 31. Rc7 c5 32. f3 Nd2 33. Rxc5 Nb1
34. Rd5 Kh5 35. Rd1 Nc3 36. bxc3 bxc3 37. a4 Kg6 38. a5 Kf6 39. a6 Ke6 40. a7
Kf6 41. a8=Q Kg6 42. Qe4+ Kh5 43. Qe8# {ToNamLong est échec et mat} 1-0

[Event "Champ FRA - Under 8"]
[Site "Europe Echecs"]
[Date "2020.07.06"]
[Round "6"]
[Time "16:12:34"]
[PlyCount "52"]
[White "ButotQuentin"]
[Black "AkyuzEnes"]
[WhiteElo "1250"]
[BlackElo "1092"]
[Mode "WEB"]
[Result "1-0"]

1. e4 e5 2. Nf3 Nc6 3. Bc4 Bc5 4. Nc3 Nf6 5. h3 O-O 6. O-O d6 7. d3 Be6 8. Nd5
Na5 9. a3 Nxc4 10. dxc4 Nxe4 11. Be3 Bxe3 12. Nxe3 c6 13. Qe2 d5 14. Rad1 d4 15.
Ng4 Bxg4 16. hxg4 Nf6 17. g5 Ng4 18. Nxe5 Re8 19. Qxg4 Re6 20. Rxd4 Qb6 21. Nd7
Qc7 22. Nc5 b6 23. Nxe6 fxe6 24. Qxe6+ Kh8 25. Re4 Qb8 26. Rfe1 {AkyuzEnes a abandonné} 1-0

[Event "Champ FRA - Under 8"]
[Site "Europe Echecs"]
[Date "2020.07.06"]
[Round "6"]
[Time "16:12:34"]
[PlyCount "114"]
[White "MelkumyanDavid"]
[Black "GongAlex"]
[WhiteElo "1240"]
[BlackElo "1062"]
[Mode "WEB"]
[Result "1-0"]

1. e4 e5 2. Nf3 Nc6 3. Bc4 Bc5 4. d3 Nf6 5. Nc3 d6 6. Bg5 h6 7. Bh4 g5 8. Bg3
Bg4 9. h3 Bh5 10. O-O Nd4 11. Nd5 Nxf3+ 12. gxf3 Nxd5 13. Bxd5 c6 14. Bc4 Qf6
15. Kg2 O-O-O 16. c3 Bg6 17. b4 Bb6 18. Rh1 Rhg8 19. Kf1 Bh5 20. Kg2 Bg6 21. Kf1
h5 22. h4 Bh7 23. a4 g4 24. Kg2 gxf3+ 25. Qxf3 Qxf3+ 26. Kxf3 Rdf8 27. Kg2 f5
28. Bxg8 Rxg8 29. exf5 Bxf5 30. a5 Bc7 31. Rhd1 e4 32. dxe4 Bxe4+ 33. Kf1 d5 34.
Bxc7 Kxc7 35. Ke2 Rg4 36. f3 Rg2+ 37. Ke3 Bf5 38. Rg1 Rh2 39. Rg5 Bd7 40. Rxh5
Rc2 41. Ra3 Rh2 42. Rh8 Rh3 43. a6 bxa6 44. Rh7 Kd6 45. Rxa6 Bg4 46. Kf4 Bxf3
47. Rh6+ Kd7 48. Raxc6 Be4 49. Ke5 Rf3 50. Rhd6+ Ke7 51. Rc7+ Ke8 52. Rh6 Rf5+
53. Ke6 Kd8 54. Rd7+ Ke8 55. Rh8+ Rf8 56. Re7+ Kd8 57. Rxf8# {GongAlex est échec et mat} 1-0

[Event "Champ FRA - Under 8"]
[Site "Europe Echecs"]
[Date "2020.07.06"]
[Round "6"]
[Time "16:12:34"]
[PlyCount "63"]
[White "NottperaltaGab"]
[Black "LamorelleAlexe"]
[WhiteElo "1231"]
[BlackElo "1009"]
[Mode "WEB"]
[Result "0-1"]

1. e4 e5 2. Nf3 Nc6 3. Bc4 Bc5 4. Ng5 Qxg5 5. O-O Qd8 6. Qf3 Nf6 7. d3 O-O 8.
Qg3 d5 9. exd5 Nxd5 10. Bxd5 Qxd5 11. Bh6 g6 12. Nc3 Qd4 13. Bxf8 Bxf8 14. a4
Bf5 15. a5 Nb4 16. Ra4 Qc5 17. Rc1 Re8 18. Ne2 e4 19. d4 Qb5 20. Raa1 Qxe2 21.
Qc3 Nc6 22. Re1 Qb5 23. h4 Bb4 24. Qg3 Bxe1 25. Rxe1 Qxb2 26. h5 Qxc2 27. h6 Qd2
28. Rf1 Nxd4 29. Qe5 Rxe5 30. a6 Ne2+ 31. Kh1 Qxh6# {NottperaltaGab est échec et mat} 0-1

[Event "Champ FRA - Under 8"]
[Site "Europe Echecs"]
[Date "2020.07.06"]
[Round "6"]
[Time "16:12:34"]
[PlyCount "83"]
[White "MoreauKenan"]
[Black "DuquesneAdrien"]
[WhiteElo "820"]
[BlackElo "1230"]
[Mode "WEB"]
[Result "0-1"]

1. e4 e5 2. Nf3 Nc6 3. Bc4 Bc5 4. c3 Nf6 5. d4 exd4 6. e5 Ng4 7. cxd4 Bb4+ 8.
Bd2 Bxd2+ 9. Nbxd2 d5 10. Bb5 Bd7 11. Qb3 a6 12. Bd3 Be6 13. Qxb7 Na5 14. Qb4
Nc6 15. Qc3 O-O 16. Qxc6 Rb8 17. b3 Rb6 18. Qc2 Qd7 19. Bxh7+ Kh8 20. Bd3 Rc6
21. Qb2 Bf5 22. Bxf5 Qxf5 23. Rc1 Rxc1+ 24. Qxc1 f6 25. h3 Nh6 26. O-O Qg6 27.
Qxc7 fxe5 28. Nxe5 Qg5 29. Ndf3 Qh5 30. Qa7 Nf7 31. Qxa6 Nxe5 32. Nxe5 Rf5 33.
a4 Rg5 34. Qa8+ Kh7 35. Qc8 g6 36. b4 Qh4 37. a5 Qe4 38. Qd7+ Kh6 39. Nf7+ Kh5
40. Nxg5 Kxg5 41. Qe7+ Qxe7 {MoreauKenan a perdu au temps} 0-1

[Event "Champ FRA - Under 8"]
[Site "Europe Echecs"]
[Date "2020.07.06"]
[Round "6"]
[Time "16:12:34"]
[PlyCount "134"]
[White "LlariMarc"]
[Black "TavaresRibeiro"]
[WhiteElo "799"]
[BlackElo "1225"]
[Mode "WEB"]
[Result "1-0"]

1. e4 c5 2. Nf3 Nc6 3. d4 cxd4 4. Nxd4 Nf6 5. Nc3 g6 6. Be3 Bg7 7. Be2 O-O 8.
O-O d5 9. Nxc6 bxc6 10. exd5 Nxd5 11. Nxd5 cxd5 12. c3 e6 13. Bf3 Bb7 14. Bd4
Rb8 15. Bxg7 Kxg7 16. Qd4+ Kg8 17. g3 a6 18. Bg2 Qe7 19. Rae1 a5 20. Rc1 Bc6 21.
Rc2 Rfd8 22. Rd1 Rbc8 23. h4 Bb5 24. Qe3 a4 25. Rxd5 Rxd5 26. Bxd5 Qd7 27. Be4
f5 28. Rd2 Qe7 29. Bg2 Bc6 30. Bxc6 Rxc6 31. Qd4 Ra6 32. Qe5 Rb6 33. Qa5 Rb7 34.
Qxa4 Ra7 35. Qc4 Kf7 36. b4 Rc7 37. Qb3 Qf6 38. Rc2 Ke7 39. a4 Qe5 40. b5 Rb7
41. Qb4+ Kf7 42. c4 Rc7 43. a5 Qd4 44. Kg2 Rb7 45. Kh2 Qe4 46. Rb2 Qe5 47. a6
Ra7 48. c5 Qd5 49. b6 Rxa6 50. b7 Ra7 51. b8=Q Ra1 52. Q8b7+ Kf6 53. Qxd5 exd5
54. Qb6+ Ke5 55. Qc7+ Kd4 56. c6 Re1 57. Qf4+ Kc5 58. c7 Re8 59. c8=Q+ Rxc8 60.
Rc2+ Kb6 61. Rxc8 Kb5 62. Qd6 Ka4 63. Qxd5 Kb4 64. Rb8+ Kc3 65. Rb3+ Kc2 66.
Qd3+ Kc1 67. Rb1# {TavaresRibeiro est échec et mat} 1-0

[Event "Champ FRA - Under 8"]
[Site "Europe Echecs"]
[Date "2020.07.06"]
[Round "6"]
[Time "16:12:34"]
[PlyCount "68"]
[White "LazignacAslany"]
[Black "MartellierAnto"]
[WhiteElo "799"]
[BlackElo "1262"]
[Mode "WEB"]
[Result "1-0"]

1. e4 d5 2. exd5 Nf6 3. Nc3 Nxd5 4. Bc4 Nb6 5. Bb3 Bf5 6. Nf3 e6 7. d4 Nc6 8.
Bf4 Qd5 9. Bxd5 exd5 10. O-O O-O-O 11. Re1 Bb4 12. a4 Rhe8 13. Rxe8 Rxe8 14. Ne5
Nc4 15. Nxc4 dxc4 16. Nd5 Ba5 17. c3 Re4 18. b4 Bb6 19. a5 Be6 20. axb6 cxb6 21.
f3 Bxd5 22. fxe4 Bxe4 23. Qe2 f5 24. g4 g6 25. gxf5 gxf5 26. Qh5 Kd7 27. Qxh7+
Ne7 28. Bg5 a6 29. Qxe7+ Kc6 30. Qe6+ Kb5 31. Qe5+ Kc6 32. Be7 Bd5 33. b5+ axb5
34. Qd6# {MartellierAnto est échec et mat} 1-0

[Event "Champ FRA - Under 8"]
[Site "Europe Echecs"]
[Date "2020.07.06"]
[Round "6"]
[Time "16:12:34"]
[PlyCount "156"]
[White "LeblancCondeEv"]
[Black "NicotValentin"]
[WhiteElo "1067"]
[BlackElo "1041"]
[Mode "WEB"]
[Result "1-0"]

1. e4 c5 2. Nf3 d6 3. d4 cxd4 4. Nxd4 Nf6 5. Nc3 e5 6. Nf3 Nc6 7. Bd3 Bg4 8. h3
Bxf3 9. Qxf3 Nd4 10. Qd1 Rc8 11. Be3 a6 12. O-O Be7 13. Bxd4 exd4 14. Ne2 Qb6
15. Rb1 O-O 16. c3 dxc3 17. Nxc3 Qc6 18. Re1 Rfe8 19. Qc2 d5 20. exd5 Nxd5 21.
Nxd5 Qxd5 22. Qb3 Qxb3 23. axb3 Bb4 24. Rxe8+ Rxe8 25. Kh2 Rd8 26. Be4 b6 27.
Bb7 a5 28. f3 Bd6+ 29. Kh1 Bc5 30. Be4 h6 31. Bc6 Rd3 32. Ba4 Kh7 33. b4 Rd4 34.
Bc2+ g6 35. bxc5 bxc5 36. Bb3 f6 37. Rd1 Rxd1+ 38. Bxd1 g5 39. Kg1 Kg6 40. Kf2
Kf5 41. Ke3 Ke5 42. g4 Kd5 43. Bb3+ c4 44. Ba2 a4 45. f4 gxf4+ 46. Kxf4 Ke6 47.
Bxc4+ Ke7 48. Kf5 Kf8 49. Kxf6 Ke8 50. Kg6 Ke7 51. Kxh6 Kf6 52. g5+ Ke7 53. Kh7
Kf8 54. g6 Ke7 55. g7 Kf6 56. g8=Q Ke5 57. Kg7 Kd6 58. h4 Kc5 59. h5 Kb4 60. h6
a3 61. bxa3+ Kc5 62. Qd5+ Kb6 63. Qb5+ Kc7 64. Bd5 Kd6 65. Qc6+ Ke5 66. a4 Kd4
67. a5 Ke5 68. h7 Kd4 69. h8=Q Ke5 70. Kf7+ Kf5 71. Qhf6+ Kg4 72. Bf3+ Kg3 73.
Qcd6+ Kf2 74. Bh1+ Ke3 75. Qfe5+ Kf2 76. Qdf6+ Kg1 77. Qe1+ Kh2 78. Qh6# {NicotValentin est échec et mat} 1-0

[Event "Champ FRA - Under 8"]
[Site "Europe Echecs"]
[Date "2020.07.06"]
[Round "6"]
[Time "16:12:34"]
[PlyCount "92"]
[White "SamouelianSola"]
[Black "GhesquiereLoui"]
[WhiteElo "1349"]
[BlackElo "1160"]
[Mode "WEB"]
[Result "1-0"]

1. e4 e5 2. Nf3 Nc6 3. Bc4 Be7 4. c3 d6 5. d4 exd4 6. cxd4 Bd7 7. Qb3 b6 8.
Bxf7+ Kf8 9. Bxg8 Rxg8 10. Nc3 Na5 11. Qc2 b5 12. a3 Nc4 13. Nd5 Bh4 14. Nxh4
Qxh4 15. Bf4 c6 16. Bg3 Qg4 17. Ne3 Nxe3 18. fxe3 Ke8 19. Bxd6 Qh4+ 20. Bg3 Qg4
21. Qe2 Qxe2+ 22. Kxe2 Bg4+ 23. Kd3 Rf8 24. Rac1 Rc8 25. d5 c5 26. e5 c4+ 27.
Kd4 Ke7 28. Bh4+ Kd7 29. h3 Bf5 30. e4 Bg6 31. e6+ Kd6 32. e5+ Kc7 33. d6+ Kc6
34. Bg3 a6 35. b3 Kb6 36. bxc4 bxc4 37. Rxc4 Rxc4+ 38. Kxc4 Kc6 39. Rc1 Kb7 40.
Kd5 Bf5 41. d7 Rd8 42. Bh4 Bxe6+ 43. Kxe6 Ra8 44. Rb1+ Kc7 45. Bf2 Kd8 46. Bb6# {GhesquiereLoui est échec et mat} 1-0

[Event "Champ FRA - Under 8"]
[Site "Europe Echecs"]
[Date "2020.07.06"]
[Round "6"]
[Time "16:12:34"]
[PlyCount "82"]
[White "RogerAolis"]
[Black "ArnouldMaxime"]
[WhiteElo "1098"]
[BlackElo "1450"]
[Mode "WEB"]
[Result "1-0"]

1. e4 e5 2. Nc3 Nf6 3. f4 Nc6 4. fxe5 Nxe5 5. d4 Neg4 6. e5 Qe7 7. Be2 Nxe5 8.
dxe5 Qxe5 9. Nf3 Qc5 10. Qd3 Ng4 11. h3 Nf2 12. Be3 Nxd3+ 13. cxd3 Qxe3 14. Nd5
Kd8 15. Nxe3 Bc5 16. d4 Bb4+ 17. Kf2 Re8 18. Nf5 g6 19. Nh6 c5 20. Nxf7+ Kc7 21.
a3 Bd2 22. Nxd2 cxd4 23. a4 Rf8 24. Rac1+ Kb8 25. Bc4 a6 26. Kg3 Ka7 27. Nd6 Rf6
28. N2e4 Re6 29. Bxe6 Rb8 30. Nxc8+ Ka8 31. Ned6 d3 32. Nb6+ Ka7 33. Ndc8+ Rxc8
34. Nxc8+ Kb8 35. Rhd1 dxe6 36. Rd2 h6 37. Rxd3 e5 38. Rd8 e4 39. a5 e3 40. Nb6+
Ka7 41. Ra8# {ArnouldMaxime est échec et mat} 1-0

[Event "Champ FRA - Under 8"]
[Site "Europe Echecs"]
[Date "2020.07.06"]
[Round "6"]
[Time "16:12:34"]
[PlyCount "91"]
[White "PerrinJulian"]
[Black "CerclierAxel"]
[WhiteElo "1050"]
[BlackElo "1440"]
[Mode "WEB"]
[Result "0-1"]

1. d4 d5 2. c4 Nf6 3. Nc3 dxc4 4. e4 Nc6 5. Bxc4 Bg4 6. Nf3 e6 7. O-O Bb4 8. Bg5
h6 9. Bf4 Nxd4 10. Qxd4 Bxf3 11. Qxd8+ Rxd8 12. gxf3 O-O 13. Bxc7 Rd2 14. Bf4
Rxb2 15. Na4 Rc2 16. Bb3 Rcc8 17. a3 Bc3 18. Nxc3 Rxc3 19. Ba4 Nh5 20. Be5 Rxf3
21. Bd6 Rd8 22. Bc7 Rd2 23. Bd1 Rh3 24. Bg4 Rh4 25. Ba5 Rxg4+ 26. Kh1 Rd3 27. f3
Rg5 28. f4 Rxa5 29. Rac1 Ng3+ 30. hxg3 Rxg3 31. Rc8+ Kh7 32. Rf2 Rb5 33. Ra8
Rb1+ 34. Kh2 Rg6 35. Rxa7 Rb5 36. Rf3 Rb2+ 37. Kh1 Rb1+ 38. Kh2 Rbg1 39. a4
R6g2+ 40. Kh3 Rg6 41. Rf2 R6g3+ 42. Kh4 g5+ 43. fxg5 hxg5+ 44. Kh5 Rh1+ 45. Rh2
Rxh2# {PerrinJulian est échec et mat} 0-1

[Event "Champ FRA - Under 8"]
[Site "Europe Echecs"]
[Date "2020.07.06"]
[Round "6"]
[Time "16:12:34"]
[PlyCount "74"]
[White "TchaplyguineNi"]
[Black "GrondinNathan"]
[WhiteElo "1090"]
[BlackElo "1300"]
[Mode "WEB"]
[Result "1-0"]

1. e4 e5 2. Nf3 Nc6 3. d4 exd4 4. Nxd4 Bc5 5. Nxc6 bxc6 6. Bc4 Nf6 7. e5 d5 8.
Bd3 Nd7 9. O-O Nxe5 10. Re1 Qd6 11. Bf4 f6 12. Nc3 Bb4 13. Bg3 O-O 14. Qd2 d4
15. Bc4+ Kh8 16. Bxe5 Bxc3 17. Bxd6 Bxd2 18. Bxf8 Bxe1 19. Rxe1 Bb7 20. Ba3 h6
21. h3 Rd8 22. Rd1 g5 23. c3 h5 24. cxd4 Kg7 25. Re1 Rxd4 26. Re7+ Kg6 27. Bf7+
Kf5 28. Rxc7 Ba6 29. Rxc6 Be2 30. Be6+ Kg6 31. b3 Ra4 32. Bb2 Rxa2 33. Bc3 Ra3
34. Bd5 Ra2 35. Rxf6+ Kg7 36. Ra6+ Kh7 37. Rxa2 {GrondinNathan a abandonné} 1-0

[Event "Champ FRA - Under 8"]
[Site "Europe Echecs"]
[Date "2020.07.06"]
[Round "6"]
[Time "16:12:34"]
[PlyCount "39"]
[White "RoganovaJeremy"]
[Black "RobbeHugo"]
[WhiteElo "1020"]
[BlackElo "1270"]
[Mode "WEB"]
[Result "0-1"]

1. e4 e5 2. Nf3 Nc6 3. Bc4 Bc5 4. d3 Nf6 5. O-O O-O 6. Bg5 Nd4 7. Nxd4 Bxd4 8.
c3 Bc5 9. d4 exd4 10. cxd4 Bb4 11. Nc3 c6 12. e5 Qc7 13. exf6 g6 14. a3 Ba5 15.
b4 Bb6 16. a4 a6 17. a5 Ba7 18. d5 Bb8 19. dxc6 Qxh2# {RoganovaJeremy est échec et mat} 0-1

[Event "Champ FRA - Under 8"]
[Site "Europe Echecs"]
[Date "2020.07.06"]
[Round "6"]
[Time "16:12:34"]
[PlyCount "114"]
[White "CharrierShayan"]
[Black "LarroumetsAugu"]
[WhiteElo "1260"]
[BlackElo "1090"]
[Mode "WEB"]
[Result "1-0"]

1. d4 d5 2. Nf3 Nc6 3. Bf4 Bf5 4. c3 f6 5. e3 e6 6. Bd3 Bxd3 7. Qxd3 Nge7 8.
Nbd2 Nf5 9. e4 Nd6 10. e5 fxe5 11. dxe5 Nf5 12. Bg5 Be7 13. Bf4 g5 14. Bg3 h6
15. O-O g4 16. Nd4 Ncxd4 17. cxd4 h5 18. f3 h4 19. Be1 g3 20. h3 Bg5 21. Nb3 Ne3
22. Qg6+ Kf8 23. Bb4+ Be7 24. Bxe7+ Qxe7 25. Rfc1 Rg8 26. Qh6+ Qg7 27. Qxe3 Re8
28. Nc5 b6 29. Nd7+ Ke7 30. Nf6 Ref8 31. Rxc7+ Kd8 32. Rxg7 Rxg7 33. Qa3 Rfg8
34. Nxg8 Rxg8 35. Qxa7 Rf8 36. Qxb6+ Ke7 37. Qc7+ Ke8 38. Qc8+ Kf7 39. Qxf8+
Kxf8 40. Rc1 Kf7 41. Rc7+ Ke8 42. b4 Kd8 43. Rc2 Kd7 44. b5 Kd8 45. a4 Kd7 46.
b6 Ke7 47. a5 Kf7 48. b7 Kg6 49. a6 Kf5 50. a7 Kf4 51. Re2 Kg5 52. b8=Q Kf4 53.
Qf8+ Kg5 54. a8=Q Kh5 55. Qh8+ Kg5 56. Qf6+ Kh5 57. Qah8# {LarroumetsAugu est échec et mat} 1-0

[Event "Champ FRA - Under 8"]
[Site "Europe Echecs"]
[Date "2020.07.06"]
[Round "6"]
[Time "16:12:34"]
[PlyCount "78"]
[White "PerrinStephane"]
[Black "ChevillonInes"]
[WhiteElo "1260"]
[BlackElo "1060"]
[Mode "WEB"]
[Result "1-0"]

1. d4 d5 2. Nc3 Nf6 3. Bf4 Bf5 4. Nf3 Nc6 5. e3 e6 6. Bd3 Bg6 7. O-O Bd6 8. b3
O-O 9. Bxd6 cxd6 10. Bb5 a6 11. Be2 h6 12. h3 e5 13. dxe5 dxe5 14. e4 Nxe4 15.
Nxe4 dxe4 16. Nd2 e3 17. fxe3 Re8 18. Bh5 Bxh5 19. Qxh5 Re7 20. Ne4 Nb4 21. Rad1
Qc8 22. Qh4 Qc7 23. Qg4 Nxc2 24. Nf6+ Kf8 25. Nh5 Nxe3 26. Qg3 Nxd1 27. Qxg7+
Ke8 28. Qg8+ Kd7 29. Qxa8 Ne3 30. Rf3 Nc2 31. Qa7 Nb4 32. Nf4 exf4 33. Qd4+ Kc8
34. Qxb4 Qc1+ 35. Rf1 Qe3+ 36. Kh2 Qg3+ 37. Kh1 Rc7 38. Rd1 f3 39. Qf8# {ChevillonInes est échec et mat} 1-0

[Event "Champ FRA - Under 8"]
[Site "Europe Echecs"]
[Date "2020.07.06"]
[Round "6"]
[Time "16:12:34"]
[PlyCount "29"]
[White "AnseeuwEmma"]
[Black "TuMathias"]
[WhiteElo "1228"]
[BlackElo "1051"]
[Mode "WEB"]
[Result "0-1"]

1. e4 e5 2. Nf3 Nc6 3. Nc3 Nf6 4. Bc4 Nxe4 5. Nxe4 d5 6. Bxd5 Qxd5 7. Nc3 Qd8 8.
O-O Bg4 9. h3 Bh5 10. d3 Nd4 11. Qe1 Nxf3+ 12. gxf3 Qg5+ 13. Kh1 Bxf3+ 14. Kh2
Qg2# {AnseeuwEmma est échec et mat} 0-1

[Event "Champ FRA - Under 8"]
[Site "Europe Echecs"]
[Date "2020.07.06"]
[Round "6"]
[Time "16:12:34"]
[PlyCount "121"]
[White "BuchlinAdrien"]
[Black "LetellierTimot"]
[WhiteElo "1190"]
[BlackElo "1027"]
[Mode "WEB"]
[Result "0-1"]

1. e4 c5 2. Bc4 d6 3. Nc3 Nc6 4. d3 Bd7 5. Qf3 e6 6. Be3 Nf6 7. Nge2 Be7 8. d4
Qb6 9. Bb3 cxd4 10. Bxd4 Nxd4 11. Nxd4 Qxd4 12. O-O O-O 13. Ne2 Qb6 14. c3 Bb5
15. Bc2 Bxe2 16. Qxe2 Qxb2 17. Qd3 Qb6 18. e5 dxe5 19. g4 e4 20. Qh3 Rac8 21.
Rfe1 Qb2 22. Rac1 Rxc3 23. Bd3 exd3 24. Rxc3 Qxc3 25. Rd1 Qc2 26. Qxd3 Qxd3 27.
Rxd3 Ne4 28. Rb3 Nd2 29. Rxb7 Re8 30. Rxa7 h6 31. a4 Nc4 32. a5 Bc5 33. Rc7
Bxf2+ 34. Kxf2 Nxa5 35. Ra7 Nc6 36. Rc7 Ne5 37. Rc5 Nxg4+ 38. Kg3 f5 39. h3 Nf6
40. Kf4 g5+ 41. Ke5 Kf7 42. Rc7+ Kg6 43. Rc4 g4 44. hxg4 Nxg4+ 45. Kf4 e5+ 46.
Kf3 e4+ 47. Ke2 h5 48. Kf1 Ne3+ 49. Ke1 Nxc4 50. Ke2 h4 51. Kf2 h3 52. Ke2 h2
53. Kf2 h1=Q 54. Ke2 Qf3+ 55. Ke1 Ne3 56. Kd2 Rd8+ 57. Kc3 Qd1 58. Kb4 Qc2 59.
Kb5 Rb8+ 60. Ka6 Qa2# {BuchlinAdrien est échec et mat} 0-1

[Event "Champ FRA - Under 8"]
[Site "Europe Echecs"]
[Date "2020.07.06"]
[Round "6"]
[Time "16:12:34"]
[PlyCount "54"]
[White "ManvieuPaul"]
[Black "BauerPierre"]
[WhiteElo "1018"]
[BlackElo "1187"]
[Mode "WEB"]
[Result "1-0"]

1. e4 e5 2. Nf3 Nc6 3. d4 exd4 4. Nxd4 Bc5 5. Be3 Qf6 6. c3 Nge7 7. Bc4 O-O 8.
O-O a6 9. Bb3 Re8 10. Nxc6 Qxc6 11. Qe2 Qxe4 12. Re1 Nf5 13. Bc2 Qe5 14. b4 Bxe3
15. fxe3 Nxe3 16. Qd3 Qg5 17. Qxh7+ Kf8 18. g3 Ke7 19. Qe4+ Kf8 20. Qd3 Nxc2 21.
Rxe8+ Kxe8 22. Qxc2 c5 23. Qe2+ Kf8 24. Nd2 cxb4 25. cxb4 d6 26. Re1 Qd5 27.
Qe8# {BauerPierre est échec et mat} 1-0

[Event "Champ FRA - Under 8"]
[Site "Europe Echecs"]
[Date "2020.07.06"]
[Round "6"]
[Time "16:12:34"]
[PlyCount "67"]
[White "BocheNicolay"]
[Black "VoglerRomain"]
[WhiteElo "960"]
[BlackElo "1171"]
[Mode "WEB"]
[Result "0-1"]

1. e4 c5 2. Nf3 d6 3. Bb5+ Bd7 4. Bxd7+ Nxd7 5. O-O Ngf6 6. d3 g6 7. Re1 Bg7 8.
e5 dxe5 9. Nxe5 Nxe5 10. Rxe5 Nd5 11. Re1 O-O 12. Nc3 Nxc3 13. bxc3 Bxc3 14. Re3
Bxa1 15. Bd2 Bd4 16. Re2 Qc7 17. Qe1 Rfe8 18. Bg5 f6 19. Bd2 Be5 20. c3 Bxh2+
21. Kf1 Rad8 22. Be3 Bd6 23. d4 Qb6 24. dxc5 Bxc5 25. Bxc5 Qxc5 26. c4 Qxc4 27.
Kg1 Qc5 28. a4 Rd7 29. Rd2 Rxd2 30. Qxd2 Qc7 31. Qd5+ Kg7 32. Qd4 Rd8 33. Qxa7
Rd1# {BocheNicolay est échec et mat} 0-1

[Event "Champ FRA - Under 8"]
[Site "Europe Echecs"]
[Date "2020.07.06"]
[Round "6"]
[Time "16:12:34"]
[PlyCount "40"]
[White "CosynsJean"]
[Black "KermarrecHugo"]
[WhiteElo "1130"]
[BlackElo "950"]
[Mode "WEB"]
[Result "1-0"]

1. e4 e5 2. Nf3 Qf6 3. d4 exd4 4. Nxd4 c5 5. Nf3 c4 6. Bxc4 a5 7. Nc3 a4 8. O-O
a3 9. Ng5 axb2 10. Bxb2 d5 11. Qxd5 Nc6 12. Nxf7 Qxf7 13. Qxf7+ Kd8 14. Qxf8+
Kd7 15. Qxg7+ Nce7 16. Qxh8 Ra5 17. Qxh7 Nf6 18. Qg7 Rh5 19. Ba3 Ke8 20. Qxe7# {KermarrecHugo est échec et mat} 1-0

[Event "Champ FRA - Under 8"]
[Site "Europe Echecs"]
[Date "2020.07.06"]
[Round "6"]
[Time "16:12:34"]
[PlyCount "34"]
[White "FonsatEthan"]
[Black "BennaniJohan"]
[WhiteElo "1130"]
[BlackElo "940"]
[Mode "WEB"]
[Result "1-0"]

1. e4 e5 2. Qf3 Nc6 3. Bb5 Nf6 4. Nc3 d6 5. Nd5 Nxd5 6. exd5 a6 7. dxc6 axb5 8.
cxb7 Rb8 9. bxc8=Q Qxc8 10. Nh3 Qe6 11. Ng5 Qg6 12. d3 Be7 13. h4 Bxg5 14. Bxg5
h6 15. Qc6+ Kf8 16. Be3 Qxg2 17. Qxg2 {BennaniJohan a abandonné} 1-0

[Event "Champ FRA - Under 8"]
[Site "Europe Echecs"]
[Date "2020.07.06"]
[Round "6"]
[Time "16:12:34"]
[PlyCount "134"]
[White "GurevichMichel"]
[Black "GlonTombiAmbas"]
[WhiteElo "1107"]
[BlackElo "920"]
[Mode "WEB"]
[Result "1-0"]

1. e4 e5 2. Nf3 Nc6 3. Bc4 Nd4 4. d3 Bc5 5. Ng5 d5 6. Bxd5 Be6 7. Nxe6 Nxe6 8.
Bxe6 fxe6 9. Qh5+ Kf8 10. Qxe5 Qe7 11. d4 Bd6 12. Qh5 Nf6 13. Qf3 Kg8 14. e5
Bb4+ 15. c3 Ba5 16. exf6 Qxf6 17. Qxf6 gxf6 18. O-O Re8 19. Re1 Bb6 20. d5 Kf7
21. dxe6+ Rxe6 22. Rxe6 Kxe6 23. Be3 Rd8 24. Na3 Bxe3 25. fxe3 Kf7 26. Nc4 b5
27. Na5 Kf8 28. Rf1 Kf7 29. c4 bxc4 30. Nxc4 Kg7 31. e4 Rd4 32. Na3 Rxe4 33. Rc1
Re7 34. Nb5 c6 35. Rxc6 Re1+ 36. Kf2 Re7 37. Rc7 Rxc7 38. Nxc7 Kf7 39. Ke3 Ke7
40. Nd5+ Ke6 41. Nf4+ Kd6 42. Kd4 Ke7 43. Nd5+ Kf7 44. Kc5 Ke6 45. Kc6 Ke5 46.
Nc7 f5 47. Kb7 a5 48. Nb5 Kf4 49. g3+ Kf3 50. Nd6 f4 51. gxf4 Kxf4 52. Nc4 a4
53. b3 axb3 54. axb3 Kf3 55. Nd6 Kg2 56. b4 Kxh2 57. b5 h5 58. Kc7 h4 59. b6 Kg2
60. b7 h3 61. b8=Q h2 62. Qb2+ Kh3 63. Qh8+ Kg2 64. Qg7+ Kh1 65. Qb2 Kg1 66. Ne4
h1=Q 67. Qf2# {GlonTombiAmbas est échec et mat} 1-0

[Event "Champ FRA - Under 8"]
[Site "Europe Echecs"]
[Date "2020.07.06"]
[Round "6"]
[Time "16:12:34"]
[PlyCount "77"]
[White "DaoAnna"]
[Black "LeBlevecYelise"]
[WhiteElo "799"]
[BlackElo "1107"]
[Mode "WEB"]
[Result "0-1"]

1. e4 e5 2. Nf3 Nf6 3. Nc3 Nc6 4. Bc4 Bc5 5. d3 d6 6. h3 h6 7. Be3 Nd4 8. Bxd4
exd4 9. Nd5 Nxd5 10. Bxd5 c6 11. Bc4 O-O 12. Kf1 a5 13. Ke2 b5 14. Bb3 a4 15. a3
axb3 16. cxb3 Qf6 17. Re1 b4 18. axb4 Rxa1 19. Qxa1 Bxb4 20. Rc1 Be6 21. Rxc6
Bxb3 22. Rb6 Bc5 23. Rxb3 Qe6 24. Nd2 d5 25. Kf1 dxe4 26. dxe4 Be7 27. Rd3 Bg5
28. Rxd4 Qe5 29. Nb3 Rb8 30. Qa4 Rxb3 31. Qa8+ Kh7 32. Rd8 Qb5+ 33. Kg1 Rxb2 34.
Rh8+ Kg6 35. Qg8 Rb1+ 36. Kh2 Qf1 37. Kg3 Rb3+ 38. Kg4 Qxg2# {DaoAnna est échec et mat} 0-1